[Event "DSJ Weihnachtsturnier U16: Lasker 2020"]
[Site ""]
[Date "2020.12.28"]
[Round "6"]
[White "Kort, Felix"]
[Black "Rudolph, Eva"]
[Result "0-1"]
[Termination "normal"]
[Board "6.2"]
[WhiteElo "1850"]
[BlackElo "1860"]
[WhiteTeam "Hamburger SK von 1830 2"]
[BlackTeam "Düsseldorfer Schachklub 14/25"]
[PlyCount "41"]
[WhiteFideId "16220129"]
[BlackFideId "16200594"]
[EventRounds "7"]
[EventType "team-swiss"]
[EventDate "2020.12.28"]

1. d4 {[%emt 0:00:06]} d5 {[%emt 0:00:02]} 2. c4 {[%emt 0:00:02]} e5 {[%emt
0:00:02]} 3. dxe5 {[%emt 0:00:02]} d4 {[%emt 0:00:02]} 4. Nf3 {[%emt 0:00:03]}
Nc6 {[%emt 0:00:01]} 5. Nbd2 {[%emt 0:00:08]} Nge7 {[%emt 0:00:15]} 6. Nb3 {
[%emt 0:00:02]} Nf5 {[%emt 0:00:07]} 7. g4 {[%emt 0:00:10]} Nh4 {[%emt 0:00:28]
} 8. Nfxd4 {[%emt 0:00:07]} Nxd4 {[%emt 0:00:23]} 9. Qxd4 {[%emt 0:00:08]} Bb4+
{[%emt 0:00:47]} 10. Bd2 {[%emt 0:00:14]} Bxd2+ {[%emt 0:00:14]} 11. Qxd2 {
[%emt 0:00:25]} Qxd2+ {[%emt 0:00:24]} 12. Nxd2 {[%emt 0:00:06]} Bxg4 {[%emt
0:00:06]} 13. Rg1 {[%emt 0:00:08]} Be6 {[%emt 0:00:10]} 14. Rxg7 {[%emt
0:00:27]} Ng6 {[%emt 0:00:08]} 15. e4 {[%emt 0:01:00]} Kf8 {[%emt 0:00:17]} 16.
Rxg6 { [%emt 0:00:03]} hxg6 {[%emt 0:00:04]} 17. O-O-O {[%emt 0:00:22]} Rxh2
{[%emt 0:00:26]} 18. f4 {[%emt 0:00:16]} Rd8 {[%emt 0:00:11]} 19. b3 {[%emt
0:00:28]} Rf2 {[%emt 0:00:17]} 20. f5 {[%emt 0:00:18]} gxf5 {[%emt 0:00:08]}
21. exf5 { [%emt 0:00:00]} 0-1

[Event "DSJ Weihnachtsturnier U16: Lasker 2020"]
[Site ""]
[Date "2020.12.28"]
[Round "6"]
[White "Mukovskiy, Peter"]
[Black "Genov, Valentin"]
[Result "0-1"]
[Termination "normal"]
[Board "6.3"]
[BlackTitle "CM"]
[WhiteElo "1721"]
[BlackElo "1826"]
[WhiteTeam "Düsseldorfer Schachklub 14/25"]
[BlackTeam "Hamburger SK von 1830 2"]
[PlyCount "60"]
[WhiteFideId "16236998"]
[BlackFideId "2919745"]
[EventRounds "7"]
[EventType "team-swiss"]
[EventDate "2020.12.28"]

1. d4 {[%emt 0:00:08]} Nf6 {[%emt 0:00:04]} 2. c4 {[%emt 0:00:03]} e6 {[%emt
0:00:01]} 3. Nf3 {[%emt 0:00:02]} c5 {[%emt 0:00:02]} 4. d5 {[%emt 0:00:03]}
exd5 {[%emt 0:00:02]} 5. cxd5 {[%emt 0:00:01]} d6 {[%emt 0:00:02]} 6. Nc3
{[%emt 0:00:03]} g6 {[%emt 0:00:03]} 7. e4 {[%emt 0:00:03]} Bg7 {[%emt
0:00:03]} 8. Bb5+ {[%emt 0:00:13]} Bd7 {[%emt 0:00:04]} 9. a4 {[%emt 0:00:20]}
a6 {[%emt 0:00:07] } 10. Bc4 {[%emt 0:00:09]} O-O {[%emt 0:00:10]} 11. O-O
{[%emt 0:00:05]} Bg4 { [%emt 0:00:03]} 12. Be2 {[%emt 0:00:17]} Re8 {[%emt
0:00:11]} 13. Bg5 {[%emt 0:00:35]} Qc7 {[%emt 0:00:27]} 14. h3 {[%emt 0:00:24]}
Bxf3 {[%emt 0:00:04]} 15. Bxf3 {[%emt 0:00:01]} Nbd7 {[%emt 0:00:02]} 16. Qd2
{[%emt 0:00:21]} Ne5 { [%emt 0:00:15]} 17. Be2 {[%emt 0:00:12]} Rab8 {[%emt
0:00:35]} 18. f4 {[%emt 0:00:16]} Ned7 {[%emt 0:00:11]} 19. Bf3 {[%emt
0:00:20]} b5 {[%emt 0:00:27]} 20. Rfe1 {[%emt 0:00:30]} b4 {[%emt 0:00:26]} 21.
Ne2 {[%emt 0:00:20]} Nxe4 { [%emt 0:00:18]} 22. Bxe4 {[%emt 0:00:09]} Rxe4
{[%emt 0:00:07]} 23. Ng3 { [%emt 0:00:10]} Rd4 {[%emt 0:00:29]} 24. Qe2 {[%emt
0:00:23]} Rxd5 {[%emt 0:00:15]} 25. Rab1 {[%emt 0:00:40]} h6 {[%emt 0:00:21]}
26. Be7 {[%emt 0:00:12]} Ne5 {[%emt 0:00:51]} 27. Bxd6 {[%emt 0:00:30]} Qxd6
{[%emt 0:00:05]} 28. fxe5 { [%emt 0:00:02]} Rxe5 {[%emt 0:00:03]} 29. Qf2
{[%emt 0:00:44]} Rxe1+ {[%emt 0:00:03]} 30. Rxe1 {[%emt 0:00:03]} Bd4 {[%emt
0:00:02]} 0-1

[Event "DSJ Weihnachtsturnier U16: Lasker 2020"]
[Site ""]
[Date "2020.12.28"]
[Round "6"]
[White "Müller, Linus"]
[Black "Krstovic, Marko"]
[Result "0-1"]
[Termination "normal"]
[Board "6.4"]
[WhiteElo "1578"]
[BlackElo "1455"]
[WhiteTeam "Hamburger SK von 1830 2"]
[BlackTeam "Düsseldorfer Schachklub 14/25"]
[PlyCount "68"]
[WhiteFideId "16245946"]
[BlackFideId "16278003"]
[EventRounds "7"]
[EventType "team-swiss"]
[EventDate "2020.12.28"]

1. e4 {[%emt 0:00:11]} e5 {[%emt 0:00:02]} 2. Nf3 {[%emt 0:00:02]} Nf6 { [%emt
0:00:01]} 3. Nxe5 {[%emt 0:00:02]} d6 {[%emt 0:00:03]} 4. Nf3 {[%emt 0:00:02]}
Nxe4 {[%emt 0:00:02]} 5. d4 {[%emt 0:00:02]} d5 {[%emt 0:00:02]} 6. Bf4 {[%emt
0:00:27]} Bf5 {[%emt 0:00:05]} 7. Nc3 {[%emt 0:00:09]} Nxc3 {[%emt 0:00:03]} 8.
bxc3 {[%emt 0:00:02]} c6 {[%emt 0:00:01]} 9. c4 {[%emt 0:00:04]} Bb4+ { [%emt
0:00:08]} 10. Bd2 {[%emt 0:00:07]} Bd6 {[%emt 0:00:05]} 11. cxd5 { [%emt
0:00:19]} cxd5 {[%emt 0:00:02]} 12. Bb5+ {[%emt 0:00:02]} Nc6 {[%emt 0:00:08]}
13. c3 {[%emt 0:00:05]} Qe7+ {[%emt 0:00:09]} 14. Be3 {[%emt 0:00:07]} O-O
{[%emt 0:00:07]} 15. O-O {[%emt 0:00:02]} Rac8 {[%emt 0:00:06]} 16. Re1 { [%emt
0:00:02]} Qc7 {[%emt 0:00:05]} 17. Qb3 {[%emt 0:00:35]} Be6 {[%emt 0:00:12]}
18. Bxc6 {[%emt 0:00:14]} Qxc6 {[%emt 0:00:03]} 19. Rac1 {[%emt 0:00:02]} Rfe8
{[%emt 0:00:14]} 20. Bd2 {[%emt 0:00:03]} Bg4 {[%emt 0:00:10]} 21. Ne5 { [%emt
0:00:14]} Bxe5 {[%emt 0:00:17]} 22. Rxe5 {[%emt 0:00:02]} Rxe5 {[%emt 0:00:13]}
23. dxe5 {[%emt 0:00:01]} Be6 {[%emt 0:00:15]} 24. Rb1 {[%emt 0:00:13]} b6
{[%emt 0:00:11]} 25. Qb2 {[%emt 0:00:09]} Qc4 {[%emt 0:00:13]} 26. Rd1 { [%emt
0:00:10] HSK04-004 reconnected.} Rc5 {[%emt 0:00:35]} 27. Qa3 {[%emt 0:00:21]}
Ra5 {[%emt 0:00:17]} 28. Qd6 {[%emt 0:00:24]} h6 {[%emt 0:00:05]} 29. a3 {[%emt
0:00:30]} Qe2 {[%emt 0:00:11]} 30. Rf1 {[%emt 0:01:47]} Qxd2 { [%emt 0:00:05]}
31. Qc6 {[%emt 0:00:02]} Rxa3 {[%emt 0:00:11]} 32. Qa8+ { [%emt 0:00:11]} Kh7
{[%emt 0:00:03]} 33. c4 {[%emt 0:00:26]} dxc4 {[%emt 0:00:13]} 34. f4 {[%emt
0:00:05]} Bd5 {[%emt 0:00:13]} 0-1

[Event "DSJ Weihnachtsturnier U16: Lasker 2020"]
[Site ""]
[Date "2020.12.28"]
[Round "6"]
[White "Artukovic, Benjamin"]
[Black "Steinhauer, Artur"]
[Result "1-0"]
[Termination "normal"]
[Board "7.1"]
[WhiteElo "1358"]
[BlackElo "1462"]
[WhiteTeam "SC Weisse Dame"]
[BlackTeam "SC Bavaria Regensburg von 1881"]
[PlyCount "41"]
[WhiteFideId "16204255"]
[BlackFideId "16263596"]
[EventRounds "7"]
[EventType "team-swiss"]
[EventDate "2020.12.28"]

1. d4 {[%emt 0:00:07]} d5 {[%emt 0:00:06]} 2. c4 {[%emt 0:00:02]} c6 {[%emt
0:00:01]} 3. Nc3 {[%emt 0:00:02]} Nf6 {[%emt 0:00:03]} 4. Nf3 {[%emt 0:00:02]}
e6 {[%emt 0:00:01]} 5. Bg5 {[%emt 0:00:02]} Nbd7 {[%emt 0:00:03]} 6. e3 {[%emt
0:00:03]} Qa5 {[%emt 0:00:02]} 7. Bh4 {[%emt 0:00:22]} dxc4 {[%emt 0:00:06]} 8.
Bxc4 {[%emt 0:00:03]} Nd5 {[%emt 0:00:01]} 9. Qc2 {[%emt 0:00:09]} Bb4 { [%emt
0:00:06]} 10. Bxd5 {[%emt 0:00:20]} exd5 {[%emt 0:00:04]} 11. O-O { [%emt
0:00:04]} O-O {[%emt 0:00:04]} 12. a3 {[%emt 0:00:12]} Bd6 {[%emt 0:00:06]} 13.
Rfe1 {[%emt 0:00:07]} Re8 {[%emt 0:00:03]} 14. e4 {[%emt 0:00:03]} dxe4 {[%emt
0:00:07]} 15. Nxe4 {[%emt 0:00:00]} Bf8 {[%emt 0:00:13]} 16. Neg5 { [%emt
0:00:58]} Rxe1+ {[%emt 0:00:17]} 17. Rxe1 {[%emt 0:00:03]} Nf6 {[%emt 0:00:07]}
18. Ne4 {[%emt 0:00:33]} Nxe4 {[%emt 0:00:11]} 19. Qxe4 {[%emt 0:00:00] } Be6
{[%emt 0:00:32]} 20. Ng5 {[%emt 0:00:09]} Bd5 {[%emt 0:00:04]} 21. Qxh7# {[%emt
0:00:03]} 1-0

[Event "DSJ Weihnachtsturnier U16: Lasker 2020"]
[Site ""]
[Date "2020.12.28"]
[Round "6"]
[White "Tunc, Ozan Kurtul"]
[Black "Aumüller, Naum"]
[Result "1-0"]
[Termination "normal"]
[Board "7.3"]
[WhiteElo "1655"]
[BlackElo "1622"]
[WhiteTeam "SC Weisse Dame"]
[BlackTeam "SC Bavaria Regensburg von 1881"]
[PlyCount "67"]
[BlackFideId "16263960"]
[EventRounds "7"]
[EventType "team-swiss"]
[EventDate "2020.12.28"]

1. d4 {[%emt 0:00:04]} Nf6 {[%emt 0:00:02]} 2. c4 {[%emt 0:00:05]} g6 {[%emt
0:00:02]} 3. Nc3 {[%emt 0:00:09]} Bg7 {[%emt 0:00:02]} 4. e4 {[%emt 0:00:07]}
d6 {[%emt 0:00:01]} 5. f3 {[%emt 0:00:11]} O-O {[%emt 0:00:03]} 6. Be3 {[%emt
0:00:11]} Nc6 {[%emt 0:00:06]} 7. Nge2 {[%emt 0:00:10]} e5 {[%emt 0:00:02]} 8.
d5 {[%emt 0:00:05]} Ne7 {[%emt 0:00:02]} 9. Ng3 {[%emt 0:00:05]} Ne8 {[%emt
0:00:02]} 10. Bd3 {[%emt 0:00:08]} f5 {[%emt 0:00:04]} 11. exf5 {[%emt
0:00:03]} Bxf5 {[%emt 0:00:04]} 12. O-O {[%emt 0:00:06]} a5 {[%emt 0:00:18]}
13. Nxf5 { [%emt 0:00:10]} Nxf5 {[%emt 0:00:02]} 14. Bxf5 {[%emt 0:00:05]} Rxf5
{[%emt 0:00:00]} 15. Qb3 {[%emt 0:00:05]} b6 {[%emt 0:00:07]} 16. Ne4 {[%emt
0:00:09]} h6 {[%emt 0:00:21]} 17. Qd3 {[%emt 0:00:08]} Kh7 {[%emt 0:00:09]} 18.
Rae1 { [%emt 0:00:10]} Rf8 {[%emt 0:00:13]} 19. f4 {[%emt 0:00:24]} exf4 {[%emt
0:00:37]} 20. Bxf4 {[%emt 0:00:05]} Bxb2 {[%emt 0:01:07]} 21. Bxh6 {[%emt
0:00:18]} Rxf1+ {[%emt 0:00:59]} 22. Rxf1 {[%emt 0:00:12]} Qh4 {[%emt 0:01:40]}
23. Bg5 { [%emt 0:00:13]} Qg4 {[%emt 0:00:41]} 24. Rf4 {[%emt 0:00:08]} Qd7
{[%emt 0:00:29]} 25. Bh4 {[%emt 0:00:41]} Be5 {[%emt 0:00:33]} 26. Ng5+ {[%emt
0:00:11]} Kh6 {[%emt 0:00:10]} 27. Rf7 {[%emt 0:00:05] Regensb3-003 offers a
draw} Nf6 { [%emt 0:02:00]} 28. Rxd7 {[%emt 0:00:19]} Nxd7 {[%emt 0:00:00]} 29.
Ne6 { [%emt 0:00:18]} b5 {[%emt 0:00:55]} 30. Qh3 {[%emt 0:00:05]} Kh7 {[%emt
0:00:08]} 31. Bf6+ {[%emt 0:00:08]} Kg8 {[%emt 0:00:01]} 32. Qh8+ {[%emt
0:00:02]} Kf7 {[%emt 0:00:01]} 33. Qg7+ {[%emt 0:00:01]} Ke8 {[%emt 0:00:01]}
34. Qe7# { [%emt 0:00:01]} 1-0

[Event "DSJ Weihnachtsturnier U16: Lasker 2020"]
[Site ""]
[Date "2020.12.28"]
[Round "6"]
[White "Zeltner, Richard"]
[Black "Christensen, John Christopher"]
[Result "1-0"]
[Termination "time forfeit"]
[Board "8.2"]
[WhiteElo "1599"]
[BlackElo "1925"]
[WhiteTeam "SC Erlangen 48/88"]
[BlackTeam "Hamburger SK von 1830 3"]
[PlyCount "49"]
[WhiteFideId "12972703"]
[BlackFideId "1453947"]
[EventRounds "7"]
[EventType "team-swiss"]
[EventDate "2020.12.28"]

1. e4 {[%emt 0:00:15]} c5 {[%emt 0:00:46]} 2. Nf3 {[%emt 0:00:07]} e6 {[%emt
0:01:08]} 3. d4 {[%emt 0:00:02]} cxd4 {[%emt 0:00:03]} 4. Nxd4 {[%emt 0:00:02]}
a6 {[%emt 0:00:52]} 5. Nc3 {[%emt 0:00:06]} Qc7 {[%emt 0:00:03]} 6. f4 { [%emt
0:00:16]} Bb4 {[%emt 0:02:55]} 7. Qf3 {[%emt 0:00:55]} d6 {[%emt 0:00:04] } 8.
Bd2 {[%emt 0:00:04]} Nf6 {[%emt 0:00:13]} 9. a3 {[%emt 0:00:08]} Bxc3 { [%emt
0:00:04]} 10. Bxc3 {[%emt 0:00:02]} O-O {[%emt 0:00:04]} 11. O-O-O { [%emt
0:00:03]} Rd8 {[%emt 0:00:23]} 12. g4 {[%emt 0:00:15]} Nc6 {[%emt 0:00:20]} 13.
Nxc6 {[%emt 0:00:03]} bxc6 {[%emt 0:00:03]} 14. g5 {[%emt 0:00:04]} Ne8 {[%emt
0:00:03]} 15. f5 {[%emt 0:00:11]} exf5 {[%emt 0:00:17]} 16. exf5 { [%emt
0:00:02]} Bb7 {[%emt 0:00:09]} 17. Bd3 {[%emt 0:00:19]} c5 {[%emt 0:00:09]} 18.
Be4 {[%emt 0:00:02]} Rab8 {[%emt 0:00:13]} 19. Bxb7 {[%emt 0:00:06]} Rxb7
{[%emt 0:00:00]} 20. f6 {[%emt 0:00:06]} d5 {[%emt 0:01:20]} 21. Rxd5 { [%emt
0:00:36]} Rxd5 {[%emt 0:00:15]} 22. Qxd5 {[%emt 0:00:04]} g6 {[%emt 0:00:19]}
23. Re1 {[%emt 0:00:18]} Rb8 {[%emt 0:00:20]} 24. Qf3 {[%emt 0:00:04]} Rd8
{[%emt 0:00:13]} 25. Be5 {[%emt 0:00:12] TimeB} 1-0

[Event "DSJ Weihnachtsturnier U16: Lasker 2020"]
[Site ""]
[Date "2020.12.28"]
[Round "6"]
[White "Grabbel, Torben Frederik"]
[Black "Isbilir, Levin"]
[Result "1-0"]
[Termination "normal"]
[Board "8.3"]
[WhiteElo "1636"]
[BlackElo "1325"]
[WhiteTeam "Hamburger SK von 1830 3"]
[BlackTeam "SC Erlangen 48/88"]
[PlyCount "97"]
[WhiteFideId "16219180"]
[BlackFideId "16267192"]
[EventRounds "7"]
[EventType "team-swiss"]
[EventDate "2020.12.28"]

1. d4 {[%emt 0:00:04]} d5 {[%emt 0:00:10]} 2. Nf3 {[%emt 0:00:10]} Nf6 { [%emt
0:00:04]} 3. Bf4 {[%emt 0:00:03]} c5 {[%emt 0:00:05]} 4. e3 {[%emt 0:00:01]}
Nc6 {[%emt 0:00:33]} 5. c3 {[%emt 0:00:06]} Qb6 {[%emt 0:00:16]} 6. Qb3 { [%emt
0:00:03]} c4 {[%emt 0:00:07]} 7. Qxb6 {[%emt 0:00:03]} axb6 {[%emt 0:00:00]} 8.
Nbd2 {[%emt 0:00:02]} Bf5 {[%emt 0:00:05]} 9. Be2 {[%emt 0:00:05]} e6 { [%emt
0:00:07]} 10. O-O {[%emt 0:00:04]} Kd7 {[%emt 0:00:17]} 11. Nh4 {[%emt
0:00:03]} Bg6 {[%emt 0:00:04]} 12. Nxg6 {[%emt 0:00:03]} hxg6 {[%emt 0:00:00]}
13. Bf3 {[%emt 0:00:03]} Nh5 {[%emt 0:00:02]} 14. Bg3 {[%emt 0:00:02]} Nxg3 {
[%emt 0:00:02]} 15. hxg3 {[%emt 0:00:02]} Bd6 {[%emt 0:00:04]} 16. e4 {[%emt
0:00:02]} Rh6 {[%emt 0:00:35]} 17. exd5 {[%emt 0:00:13]} exd5 {[%emt 0:00:03]}
18. Bxd5 {[%emt 0:00:09]} Rah8 {[%emt 0:00:03]} 19. f4 {[%emt 0:00:15]} Ne7 {
[%emt 0:00:24]} 20. Bxc4 {[%emt 0:00:18]} Nf5 {[%emt 0:00:06]} 21. Bb5+ { [%emt
0:00:20]} Kc7 {[%emt 0:00:14]} 22. Kf2 {[%emt 0:00:21]} g5 {[%emt 0:00:19]} 23.
Ne4 {[%emt 0:00:12]} gxf4 {[%emt 0:00:23]} 24. Nxd6 {[%emt 0:00:05]} Nxd6
{[%emt 0:00:14]} 25. Bd3 {[%emt 0:00:07]} fxg3+ {[%emt 0:00:25]} 26. Kxg3
{[%emt 0:00:06]} Rh5 {[%emt 0:00:53]} 27. Rae1 {[%emt 0:00:20]} Kd7 {[%emt
0:00:10]} 28. c4 {[%emt 0:00:10]} R8h6 {[%emt 0:00:13]} 29. Re5 {[%emt
0:00:23]} f5 {[%emt 0:00:54]} 30. Bxf5+ {[%emt 0:00:18]} Nxf5+ {[%emt 0:00:09]}
31. Rfxf5 {[%emt 0:00:12]} Rg6+ {[%emt 0:00:05]} 32. Kf3 {[%emt 0:00:06]} Rh4
{[%emt 0:00:06]} 33. Rd5+ {[%emt 0:00:09]} Kc6 {[%emt 0:00:09]} 34. b4 {[%emt
0:00:13]} Rh2 {[%emt 0:00:10]} 35. b5+ {[%emt 0:00:05]} Kc7 {[%emt 0:00:09]}
36. Rf7+ { [%emt 0:00:14]} Kc8 {[%emt 0:00:20]} 37. Rf8+ {[%emt 0:00:41]} Kc7
{[%emt 0:00:10]} 38. Rfd8 {[%emt 0:00:05]} Rf6+ {[%emt 0:00:18]} 39. Kg3 {[%emt
0:00:04]} Rf7 {[%emt 0:01:15]} 40. Kxh2 {[%emt 0:00:09]} g5 {[%emt 0:00:01]}
41. c5 { [%emt 0:00:18]} bxc5 {[%emt 0:00:19]} 42. dxc5 {[%emt 0:00:10]} Rh7+
{[%emt 0:00:09]} 43. Kg3 {[%emt 0:00:04]} g4 {[%emt 0:00:08]} 44. R5d6 {[%emt
0:00:09]} b6 {[%emt 0:00:29]} 45. cxb6+ {[%emt 0:00:05]} Kb7 {[%emt 0:00:06]}
46. a4 { [%emt 0:00:01]} Rh2 {[%emt 0:00:32]} 47. a5 {[%emt 0:00:09]} Rxg2+
{[%emt 0:00:06]} 48. Kxg2 {[%emt 0:00:06]} g3 {[%emt 0:00:01]} 49. a6# {[%emt
0:00:01]} 1-0

[Event "DSJ Weihnachtsturnier U16: Lasker 2020"]
[Site ""]
[Date "2020.12.28"]
[Round "6"]
[White "Wu, Wilfried"]
[Black "Reyes-Mantilla, Andrés Mauricio"]
[Result "0-1"]
[Termination "time forfeit"]
[Board "8.4"]
[WhiteElo "1461"]
[BlackElo "1564"]
[WhiteTeam "SC Erlangen 48/88"]
[BlackTeam "Hamburger SK von 1830 3"]
[PlyCount "114"]
[WhiteFideId "16260775"]
[BlackFideId "4467248"]
[EventRounds "7"]
[EventType "team-swiss"]
[EventDate "2020.12.28"]

1. e4 {[%emt 0:00:11]} c6 {[%emt 0:00:01]} 2. d4 {[%emt 0:00:12]} d5 {[%emt
0:00:01]} 3. exd5 {[%emt 0:00:02]} cxd5 {[%emt 0:00:00]} 4. c4 {[%emt 0:00:06]}
Nf6 {[%emt 0:00:00]} 5. Nc3 {[%emt 0:00:03]} e6 {[%emt 0:00:11]} 6. Bg5 { [%emt
0:00:08]} Bb4 {[%emt 0:00:09]} 7. Nge2 {[%emt 0:00:26]} h6 {[%emt 0:00:12]} 8.
Bxf6 {[%emt 0:00:33]} Qxf6 {[%emt 0:00:00]} 9. Qb3 {[%emt 0:00:08]} Bxc3+
{[%emt 0:00:40]} 10. Nxc3 {[%emt 0:00:15]} O-O {[%emt 0:00:17]} 11. Rd1 { [%emt
0:00:57]} dxc4 {[%emt 0:00:06]} 12. Bxc4 {[%emt 0:00:10]} a6 {[%emt 0:00:31]}
13. O-O {[%emt 0:00:21]} Nc6 {[%emt 0:00:20]} 14. Bd3 {[%emt 0:00:21]} Nxd4
{[%emt 0:00:19]} 15. Qb6 {[%emt 0:00:25]} Nc6 {[%emt 0:01:22]} 16. Be4 { [%emt
0:00:39]} Ne5 {[%emt 0:00:29]} 17. b3 {[%emt 0:01:38]} Nd7 {[%emt 0:00:54]} 18.
Qe3 {[%emt 0:01:04]} Rb8 {[%emt 0:00:32]} 19. Rd6 {[%emt 0:00:26]} b5 {[%emt
0:00:53]} 20. Rfd1 {[%emt 0:00:03]} Ne5 {[%emt 0:00:27]} 21. Qg3 { [%emt
0:00:32]} Bb7 {[%emt 0:00:35]} 22. f4 {[%emt 0:00:11]} Ng4 {[%emt 0:01:23]} 23.
Bxb7 {[%emt 0:00:09]} Rxb7 {[%emt 0:00:04]} 24. Ne4 {[%emt 0:00:02]} Qf5 {[%emt
0:00:17]} 25. R6d4 {[%emt 0:00:15]} Rbb8 {[%emt 0:00:41]} 26. h3 { [%emt
0:00:11]} Nf6 {[%emt 0:00:05]} 27. Nd6 {[%emt 0:00:15]} Qc5 {[%emt 0:00:19]}
28. Kh2 {[%emt 0:00:17]} Nd5 {[%emt 0:00:06]} 29. Ne4 {[%emt 0:00:09]} Qe7
{[%emt 0:00:02]} 30. Nc3 {[%emt 0:00:17]} Rfd8 {[%emt 0:00:01]} 31. Nxd5 {
[%emt 0:00:03]} exd5 {[%emt 0:00:00]} 32. Rxd5 {[%emt 0:00:04]} Rxd5 {[%emt
0:00:00]} 33. Rxd5 {[%emt 0:00:02]} Rd8 {[%emt 0:00:00]} 34. Rxd8+ {[%emt
0:00:03]} Qxd8 {[%emt 0:00:00]} 35. Qe3 {[%emt 0:00:04]} Qd5 {[%emt 0:00:04]}
36. Qe8+ {[%emt 0:00:05]} Kh7 {[%emt 0:00:01]} 37. Qa8 {[%emt 0:00:05]} Qe6 {
[%emt 0:00:02]} 38. Qf3 {[%emt 0:00:07]} a5 {[%emt 0:00:02]} 39. Kg3 {[%emt
0:00:05]} Qd7 {[%emt 0:00:03]} 40. Qe2 {[%emt 0:00:03]} g6 {[%emt 0:00:02]} 41.
Kf3 {[%emt 0:00:03]} Kg7 {[%emt 0:00:02]} 42. Qb2+ {[%emt 0:00:02]} Kh7 { [%emt
0:00:01]} 43. Qe5 {[%emt 0:00:03]} Qb7+ {[%emt 0:00:01]} 44. Qe4 { [%emt
0:00:04]} Qb8 {[%emt 0:00:03]} 45. Qc6 {[%emt 0:00:04]} Kg7 {[%emt 0:00:02]}
46. Qd7 {[%emt 0:00:02]} b4 {[%emt 0:00:02]} 47. Qa4 {[%emt 0:00:02]} Qb7+
{[%emt 0:00:01]} 48. Ke3 {[%emt 0:00:06]} Qb6+ {[%emt 0:00:01]} 49. Kd3 { [%emt
0:00:01]} Qd6+ {[%emt 0:00:02]} 50. Ke3 {[%emt 0:00:02]} Qc5+ {[%emt 0:00:01]}
51. Kf3 {[%emt 0:00:02]} Qd5+ {[%emt 0:00:02]} 52. Kg3 {[%emt 0:00:00]} Qd3+
{[%emt 0:00:01]} 53. Kh2 {[%emt 0:00:02]} Qd8 {[%emt 0:00:03]} 54. Kg3 { [%emt
0:00:02]} h5 {[%emt 0:00:01]} 55. Kh2 {[%emt 0:00:01]} h4 {[%emt 0:00:01] } 56.
g3 {[%emt 0:00:02]} Qd2+ {[%emt 0:00:02]} 57. Kg1 {[%emt 0:00:02]} hxg3 { [%emt
0:00:00] TimeW} 0-1

[Event "DSJ Weihnachtsturnier U16: Lasker 2020"]
[Site ""]
[Date "2020.12.28"]
[Round "6"]
[White "Paulsen, Niels-Martin"]
[Black "Glowiak, Alexandra"]
[Result "1-0"]
[Termination "normal"]
[Board "9.2"]
[WhiteElo "1588"]
[BlackElo "1413"]
[WhiteTeam "Lübecker SV von 1873 2"]
[BlackTeam "Schachfr. Bischofswerda"]
[PlyCount "101"]
[WhiteFideId "16214994"]
[BlackFideId "16259530"]
[EventRounds "7"]
[EventType "team-swiss"]
[EventDate "2020.12.28"]

1. Nf3 {[%emt 0:00:06]} d5 {[%emt 0:00:10]} 2. d4 {[%emt 0:00:09]} Nc6 { [%emt
0:00:03]} 3. e3 {[%emt 0:00:11]} Bg4 {[%emt 0:00:25]} 4. c4 {[%emt 0:00:06]} e6
{[%emt 0:00:06]} 5. a3 {[%emt 0:00:08]} Nf6 {[%emt 0:01:10]} 6. Nc3 { [%emt
0:00:12]} Be7 {[%emt 0:00:15]} 7. h3 {[%emt 0:00:11]} Bh5 {[%emt 0:00:34] } 8.
Be2 {[%emt 0:00:11]} dxc4 {[%emt 0:00:13]} 9. Bxc4 {[%emt 0:00:06]} Nd5 { [%emt
0:00:28]} 10. Nxd5 {[%emt 0:00:12]} exd5 {[%emt 0:00:04]} 11. Bd3 { [%emt
0:00:07]} O-O {[%emt 0:00:30]} 12. O-O {[%emt 0:00:02]} h6 {[%emt 0:00:49]} 13.
Re1 {[%emt 0:00:10]} f5 {[%emt 0:00:16]} 14. Bd2 {[%emt 0:00:11]} Bd6 {[%emt
0:01:22]} 15. Be2 {[%emt 0:01:18]} Rb8 {[%emt 0:00:36]} 16. Bc3 { [%emt
0:00:57]} f4 {[%emt 0:00:20]} 17. e4 {[%emt 0:01:06]} dxe4 {[%emt 0:00:18]} 18.
Bc4+ {[%emt 0:00:23]} Kh8 {[%emt 0:00:14]} 19. Rxe4 {[%emt 0:00:05]} Re8 {[%emt
0:00:22]} 20. Qe2 {[%emt 0:00:17]} Re7 {[%emt 0:00:27]} 21. Re1 { [%emt
0:00:15]} Rxe4 {[%emt 0:00:12]} 22. Qxe4 {[%emt 0:00:05]} Bxf3 {[%emt 0:00:02]}
23. Qxf3 {[%emt 0:00:04]} Qd7 {[%emt 0:00:07]} 24. Be6 {[%emt 0:00:39]} Qd8
{[%emt 0:00:09]} 25. d5 {[%emt 0:00:28]} Ne7 {[%emt 0:00:09]} 26. Qg4 { [%emt
0:00:22]} Qf8 {[%emt 0:00:07]} 27. f3 {[%emt 0:00:14]} Bc5+ {[%emt 0:00:08]}
28. Kh1 {[%emt 0:00:05]} Rd8 {[%emt 0:00:16]} 29. Qh5 {[%emt 0:00:16]} Kh7
{[%emt 0:00:10]} 30. Qe5 {[%emt 0:00:14]} Bd6 {[%emt 0:00:13]} 31. Qd4 { [%emt
0:00:12]} Nf5 {[%emt 0:00:04]} 32. Bxf5+ {[%emt 0:00:07]} Kh8 {[%emt 0:00:10]}
33. Be6 {[%emt 0:00:14]} Bc5 {[%emt 0:00:04]} 34. Qe4 {[%emt 0:00:10]} Be3
{[%emt 0:00:05]} 35. Bd4 {[%emt 0:00:10]} Bxd4 {[%emt 0:00:05]} 36. Qxd4 {
[%emt 0:00:04]} c6 {[%emt 0:00:01]} 37. Re4 {[%emt 0:00:08]} cxd5 {[%emt
0:00:05]} 38. Rxf4 {[%emt 0:00:04]} Qe7 {[%emt 0:00:05]} 39. Rf7 {[%emt
0:00:21]} Qg5 {[%emt 0:00:05]} 40. Kh2 {[%emt 0:00:17]} Re8 {[%emt 0:00:08]}
41. Bxd5 { [%emt 0:00:11]} Rd8 {[%emt 0:00:01]} 42. f4 {[%emt 0:00:09]} Rxd5
{[%emt 0:00:08]} 43. Rf8+ {[%emt 0:00:04]} Kh7 {[%emt 0:00:02] Bischofsw002
offers a draw} 44. Qe4+ {[%emt 0:00:03]} Qf5 {[%emt 0:00:03]} 45. Rxf5 {[%emt
0:00:04]} Rxf5 { [%emt 0:00:01]} 46. Qxf5+ {[%emt 0:00:01]} Kg8 {[%emt
0:00:01]} 47. Kg3 { [%emt 0:00:02]} b6 {[%emt 0:00:02]} 48. Kg4 {[%emt
0:00:01]} b5 {[%emt 0:00:01] } 49. Kh5 {[%emt 0:00:01]} g6+ {[%emt 0:00:03]}
50. Kxg6 {[%emt 0:00:02]} b4 { [%emt 0:00:03]} 51. Qc8# {[%emt 0:00:01]} 1-0